Kontajnerová škôlka nám vydrží 50 rokov! deti v Hrabušiciach sa ako prvé na Slovensku hrajú v stavebnici

Bibliographic Details
Format: Article
Language:Slovak
PhysicalDescription:Fotogr.
ISSN:1335-4655
Subjects:

MARC

LEADER 00000nab a2200000 ar4500
001 vtls010694479
003 SK-MaSNL
005 20260305040138.0
008 150722c20150401xo mr|p|||||||000 b|slo
038 |a SNSK 
040 |b slo  |c SNSK  |e AACR2 
041 |a slo 
044 |a xo  |c SK 
080 |a 373.24  |x (437.672)  |2 2001 
080 |a 69.01  |2 2001 
080 |a 621.642.3  |2 2001 
245 0 0 |a Kontajnerová škôlka nám vydrží 50 rokov!  |b deti v Hrabušiciach sa ako prvé na Slovensku hrajú v stavebnici  |c [autor] kz 
300 |b Fotogr. 
610 2 7 |a Materská škola (Hrabušice, Slovensko)  |2 snsk  |9 1608740 
650 0 7 |a materské školy  |2 snsk  |9 1278 
650 0 7 |a kontajnerové školy  |2 snsk  |9 1093787 
651 7 |a Hrabušice (Slovensko)  |2 snsk  |9 31254 
651 7 |a Spišská Nová Ves (Slovensko : okres)  |2 snsk  |9 22259 
773 0 |t Nový Čas  |g Roč. 25, č. 76 (1.4.2015), s. 8-9  |x 1335-4655 
852 |a SNSK  |b KIS3GCP 
999 |c 3336923  |d 3338853